Skip to content
VuFind
Language
English
Deutsch
Español
Français
Italiano
日本語
Nederlands
Português
Português (Brasil)
中文(简体)
中文(繁體)
Türkçe
עברית
Gaeilge
Cymraeg
Ελληνικά
Català
Euskara
Русский
Čeština
Suomi
Svenska
polski
Dansk
slovenščina
اللغة العربية
বাংলা
Galego
Tiếng Việt
Hrvatski
हिंदी
All Fields
Title
Author
Subject
Call Number
ISBN/ISSN
Tag
Find
Advanced
Search
Clark's table
Cite this
Email this
Print
Export Record
Export to RefWorks
Export to EndNoteWeb
Export to EndNote
permanent_link
Loading...
Clark's table
Bibliographic Details
Main Author:
Orient longman
Language:
English
Holdings
Description
Similar Items
Staff View
LEADER
00227nam a22000977a 4500
005
20151028162413.0
008
100610t xxu||||| |||| 00| 0 eng d
100
|a
Orient longman
|9
28185
245
|a
Clark's table
942
|c
BK
|6
_
999
|c
81734
|d
81734
Similar Items
Clark's tables
by: Orient longman
Cleark tables
by: Orient longman
Published: (1971)
Clarks tables /
Published: (1981)
Clark's table
by: Clark
Published: (1979)
Clark's table
by: Clark
Published: (1979)
Loading...